Catálogo - Centro de Recursos para el Aprendizaje y la Investigación

Volver al Sitio - CRAI Biblioteca

Manual Washington de cirugía (Registro nro. 113031)

Detalles MARC
000 -CABECERA
campo de control de longitud fija 03311nam a2200301 a 4500
001 - NÚMERO DE CONTROL
campo de control 48972
003 - IDENTIFICADOR DEL NÚMERO DE CONTROL
campo de control DR-UNIBE
005 - FECHA Y HORA DE LA ÚLTIMA TRANSACCIÓN
campo de control 20241201063331.0
007 - CAMPO FIJO DE DESCRIPCIÓN FÍSICA--INFORMACIÓN GENERAL
campo de control de longitud fija cr nn 008mamaa
008 - DATOS DE LONGITUD FIJA--INFORMACIÓN GENERAL
campo de control de longitud fija 190701s2021 xxu l s 00001spa
020 ## - NÚMERO INTERNACIONAL ESTÁNDAR DEL LIBRO
Número Internacional Estándar del Libro 9788418257544
020 ## - NÚMERO INTERNACIONAL ESTÁNDAR DEL LIBRO
Número Internacional Estándar del Libro 9788418257568 (electrónico)
040 ## - FUENTE DE LA CATALOGACIÓN
Centro catalogador/agencia de origen BIBLIOTECA UNIBE
Centro/agencia transcriptor BIBLIOTECA UNIBE
Normas de descripción rda
041 ## - CÓDIGO DE LENGUA
Código de lengua del texto/banda sonora o título independiente spa
100 ## - ENTRADA PRINCIPAL--NOMBRE DE PERSONA
Nombre de persona Klingensmith, Mary E.
Término indicativo de función/relación autor
9 (RLIN) 98984
245 10 - MENCIÓN DE TÍTULO
Título Manual Washington de cirugía
250 ## - MENCIÓN DE EDICIÓN
Mención de edición Octava edición
260 ## - PUBLICACIÓN, DISTRIBUCIÓN, ETC.
Lugar de publicación, distribución, etc. Philadelphia :
Nombre del editor, distribuidor, etc. Wolters Kluwer Health,
Fecha de publicación, distribución, etc. 2021
300 ## - DESCRIPCIÓN FÍSICA
Extensión xviii, 956 páginas
500 ## - NOTA GENERAL
Nota general Recurso en línea:<br/>Disponible para miembros de UNIBE a través del portal web del CRAI: https://www.unibe.edu.do/biblioteca/libros-electronicos/
505 ## - NOTA DE CONTENIDO CON FORMATO
Nota de contenido con formato Capítulo 1. Cuidado general y perioperatorio del paciente quirúrgico |<br/>Capítulo 2. Consideraciones intraoperatorias |<br/>Capítulo 3. Problemas posoperatorios comunes |<br/>Capítulo 4. Nutrición |<br/>Capítulo 5. Trastornos hidroelectrolíticos y acidobásicos |<br/>Capítulo 6. Hemostasia, anticoagulación y transfusiones |<br/>Capítulo 7. Anestesia |<br/>Capítulo 8. Cuidado crítico |<br/>Capítulo 9. Resucitación en el traumatismo y complementarios |<br/>Capítulo 10. Traumatismos de cabeza, cuello y columna |<br/>Capítulo 11. Traumatismo del tórax |<br/>Capítulo 12. Traumatismo abdominal |<br/>Capítulo 13. Traumatismos de las extremidades |<br/>Capítulo 14. Quemaduras |<br/>Capítulo 15. Cuidado de la herida |<br/>Capítulo 16. Abdomen agudo |<br/>Capítulo 17. Esófago |<br/>Capítulo 18. Estómago |<br/>Capítulo 19. Tratamiento quirúrgico de la obesidad |<br/>Capítulo 20. Intestino Delgado |<br/>Capítulo 21. Enfermedades quirúrgicas del hígado |<br/>Capítulo 22. Enfermedades quirúrgicas de los conductos biliares |<br/>Capítulo 23. Páncreas |<br/>Capítulo 24. Bazo |<br/>Capítulo 25. Trasplante abdominal |<br/>Capítulo 26. Apéndice |<br/>Capítulo 27. Colon y recto |<br/>Capítulo 28. Enfermedad anorrectal |<br/>Capítulo 29. Hernias |<br/>Capítulo 30. Cirugía endoscópica, laparoscópica y robótica |<br/>Capítulo 31. Enfermedades de mama |<br/>Capítulo 32. Tumores de piel y tejidos blandos |<br/>Capítulo 33. Síndromes suprarrenales, pituitarios y endocrinos hereditarios |<br/>Capítulo 34. Glándulas tiroides y paratiroides |<br/>Capítulo 35. Enfermedades pulmonares y del mediastino |<br/>Capítulo 36. Cirugía cardiaca |<br/>Capítulo 37. Enfermedad cerebrovascular |<br/>Capítulo 38. Enfermedades vasculares toracoabdominales |<br/>Capítulo 39. Enfermedad arterial periférica |<br/>Capítulo 40. Enfermedad venosa y linfática |<br/>Capítulo 41. Acceso vascular |<br/>Capítulo 42. Cirugía pediátrica |<br/>Capítulo 43. Otorrinolaringología para el cirujano general |<br/>Capítulo 44. Cirugía plástica, reconstructiva y de la mano |<br/>Capítulo 45. Urología |<br/>Capítulo 46. Ginecología y obstetricia para el cirujano general |<br/>Capítulo 47. Radiología |<br/>Capítulo 48. Bioestadística para el cirujano general |<br/>Capítulo 49. Seguridad del paciente y mejora de la calidad |<br/>
650 #7 - PUNTO DE ACCESO ADICIONAL DE MATERIA--TÉRMINO DE MATERIA
Término de materia o nombre geográfico como elemento de entrada Cirugía
Fuente del encabezamiento o término lemb
Subdivisión de forma Manuales
9 (RLIN) 184498
650 #7 - PUNTO DE ACCESO ADICIONAL DE MATERIA--TÉRMINO DE MATERIA
Término de materia o nombre geográfico como elemento de entrada Cirugía
Fuente del encabezamiento o término lemb
Subdivisión de forma Guías
9 (RLIN) 184499
650 #7 - PUNTO DE ACCESO ADICIONAL DE MATERIA--TÉRMINO DE MATERIA
Término de materia o nombre geográfico como elemento de entrada Medicina
Fuente del encabezamiento o término lemb
9 (RLIN) 184500
655 #4 - TÉRMINO DE INDIZACIÓN--GÉNERO/FORMA
Datos o término principal de género/forma Recurso electrónico
9 (RLIN) 42681
856 40 - LOCALIZACIÓN Y ACCESO ELECTRÓNICOS
Identificador Uniforme del Recurso <a href="https://ezproxy.unibe.edu.do/login?url=https://bc.vitalsource.com/tenants/unibewolterskluwerhealth/libraries?bookmeta_vbid=<br/>9788418257568">https://ezproxy.unibe.edu.do/login?url=https://bc.vitalsource.com/tenants/unibewolterskluwerhealth/libraries?bookmeta_vbid=<br/>9788418257568</a>
942 ## - ELEMENTOS DE PUNTO DE ACCESO ADICIONAL (KOHA)
Fuente del sistema de clasificación o colocación Sistema de Clasificación Decimal Dewey
Tipo de ítem Koha e-Libro (en línea)
Existencias
Estado de retiro Estado de pérdida Fuente del sistema de clasificación o colocación No para préstamo Código de colección Localización permanente Fecha de adquisición Total de préstamos Código de barras Fecha visto por última vez Número de copia Precio válido a partir de Tipo de ítem Koha
  Disponible Sistema de Clasificación Decimal Dewey   e-Libro de Texto (en línea) Biblioteca Central UNIBE 03/09/2024   EB0442 31/07/2024 1 copia 31/07/2024 e-Libro (en línea)